000 00650nam a2200193Ii 4500
003 JO-AjNU
008 230605s9999||||xx |||||||||||||| ||und||
040 _aJO-AjNU
_bara
_erda
_cJO-AjNU
041 _aara
050 1 4 _aBP193.1.K4288
100 3 _aخالد، خالد محمد,
_eauthor
_918342
245 0 0 _aفي رحاب علي
264 3 1 _aالقاهرة-بيروت: دار الاسلام للنشر والتوزيع، دار الكتاب العربي، د.ت
300 _a160ص
336 _atext
_btxt
_2rdacontent
337 _aunmediated
_bn
_2rdamedia
338 _avolume
_bnc
_2rdacarrier
650 4 _aعلي بن ابي طالب
_918343
999 _aA5848
_c9416
_d9416